header

Global Islamophobia (Record no. 247687)

MARC details
000 -LEADER
fixed length control field 01370nam a2200373Ia 4500
082 04 - DEWEY DECIMAL CLASSIFICATION NUMBER
Classification number 305.6/97091821
245 00 - TITLE STATEMENT
Title Global Islamophobia
260 ## - PUBLICATION, DISTRIBUTION, ETC. (IMPRINT)
Place of publication Farnham, Surrey ;
-- Burlington, Vt. :
Name of publisher Ashgate Pub.,
Year of publication 2012.
300 ## - PHYSICAL DESCRIPTION
Number of Pages xiv, 241 p.
490 1# - SERIES STATEMENT
Series statement Global connections
500 ## - GENERAL NOTE
General note Includes index.
650 #0 - SUBJECT ADDED ENTRY--TOPICAL TERM
Topical Term Islamophobia.
Topical Term Moral panics.
Topical Term Islam
Topical Term Muslims
700 1# - ADDED ENTRY--PERSONAL NAME
Personal name Morgan, George.
Personal name Poynting, Scott.
856 40 - ELECTRONIC LOCATION AND ACCESS
Uniform Resource Identifier http://site.ebrary.com/lib/rucke/Doc?id=10546728

No items available.

© 2026 Rongo University
Contact us: librarian | system librarian | Rongo university